000 00411nam a2200109Ia 4500
008 160909s9999 xx 000 0 und d
100 _aMilani, Natalie,
245 3 _aAn Examination of Local Wellness Policies as Predictors of Student Obesity and Diabetes in School-Age Children
260 _bNorthcentral University.
_c2016
650 _aFOOD
856 _uhttp://pqdtopen.proquest.com/doc/1779999456.html?FMT=ABS
999 _c304012
_d304012